000 00276nam a2200121Ia 4500
008 190216s9999||||xx |||||||||||||| ||und||
100 _aChug
245 0 _aIntegral Calculus;
260 _bLaxmi Publication Ltd
_c1983
300 _a186p
650 _aMathematics
942 _cBK
999 _c30778
_d30778